The Law Of Attraction : Master The Universal Energy To Unleash Your Potential (Record no. 95880)

MARC details
000 -LEADER
fixed length control field 00637nam a2200229Ia 4500
005 - DATE AND TIME OF LATEST TRANSACTION
control field 20251121223209.0
008 - FIXED-LENGTH DATA ELEMENTS--GENERAL INFORMATION
fixed length control field 230125s9999 xx 000 0 und d
020 ## - INTERNATIONAL STANDARD BOOK NUMBER
International Standard Book Number 978-81-8495-836-2
041 ## - LANGUAGE CODE
Language code of text/sound track or separate title eng
082 ## - DEWEY DECIMAL CLASSIFICATION NUMBER
Classification number 158.1
Item number KHA
100 ## - MAIN ENTRY--PERSONAL NAME
Author Khatri M
245 ## - TITLE STATEMENT
Title The Law Of Attraction : Master The Universal Energy To Unleash Your Potential
250 ## - EDITION STATEMENT
Edition statement 8th Ed.
260 ## - PUBLICATION, DISTRIBUTION, ETC.
Date of publication, distribution, etc. 2019
Name of publisher, distributor, etc. Jaico Publishing House
Place of publication, distribution, etc. Navi Mumbai
300 ## - PHYSICAL DESCRIPTION
Extent 216p
Dimensions Paper Back
440 ## - SERIES STATEMENT/ADDED ENTRY--TITLE
Volume/sequential designation 1
500 ## - GENERAL NOTE
Keywords Personality Development
650 ## - SUBJECT ADDED ENTRY--TOPICAL TERM
Topical term or geographic name entry element Personality Development
700 ## - ADDED ENTRY--PERSONAL NAME
Personal name Khatri M
942 ## - ADDED ENTRY ELEMENTS (KOHA)
Koha item type Books
906 ## - LOCAL DATA ELEMENT F, LDF (RLIN)
b 27
Holdings
Withdrawn status Lost status Damaged status Not for loan Home library Current library Date acquired Vendor Net Price Bill number Total Checkouts Full call number Barcode Date last seen Date last checked out Actual Price Bill Date Koha item type Original Barcode
        Smt. Hiraben Nanavati Institute of Management & Research for Women Smt. Hiraben Nanavati Institute of Management & Research for Women 13/02/2019 Pritam Book Centre 299.00 10771 1 158.1 KHA B18353 HIMR-BK-18353 02/01/2024 22/12/2023 272.00 12/02/2018 Books B18353